Recueil des pieces qui ont remporté les prix de l' Academie Royale des sciences, depuis leur fondation en MDCCXX

Detalles Bibliográficos
Formato: Libro
Lenguaje:Undetermined
French
Publicado: a Paris : chez Panckoucke, 1777.
Materias:
Colección:Banco de datos
Acervo:Biblioteca Palafoxiana. Colección bibliográfica
Descripción Física:t. ; 4°
Tema general:Ciencias
Notas:Número de localización: t.9 (39992)
LEADER 00534nam a2200157Ia 4500
008 150723s9999 xx 000 0 und d
041 0 |a fre 
050 0 |a PAFX Q173 R4 
245 1 0 |a Recueil des pieces qui ont remporté les prix de l' Academie Royale des sciences, depuis leur fondation en MDCCXX 
260 |a a Paris : chez Panckoucke, 1777. 
300 |a t. ; 4° 
500 |a Número de localización: t.9 (39992) 
650 1 0 |a Ciencias 
942 |c PALALIB 
943 |g Biblioteca Palafoxiana. Colección bibliográfica 
999 |c 1060980  |d 1060980